| 000 | 01460nam a22002537a 4500 | ||
|---|---|---|---|
| 003 | Uzh_bibl | ||
| 008 | 260416b |||||||| |||| 00| 0 ukr d | ||
| 020 |
_a5-319-00891-0 _c3.56 |
||
| 040 | _bукр. | ||
| 041 |
_2ukr _aukr |
||
| 080 | _a94(477) | ||
| 090 |
_a94(477) _bВ 27 |
||
| 100 | _a | ||
| 245 |
_aВеликий неспокій: Друга половина XII — XIII ст. _cупоряд.і передм.В.М.Рички _hТекст |
||
| 260 |
_aКиїв _bУкраїна _c1992 |
||
| 300 |
_a431 с. _fВ опр. |
||
| 490 | _aСерія"Історія України в прозових творах та документах) | ||
| 520 | _aКнига присвячена історії Давньоруської держави другої половини XII—XIII ст. До неї увійшли художні твори, що дають широку панораму історичних подій на українських землях, а також уривки з пам’яток давньоруського літописання, літературно-художніх творів того часу. | ||
| 521 | _aДля широкого кола читачів | ||
| 546 | _aукр. | ||
| 650 |
_aЛітературно-художне видання _vІсторична література |
||
| 653 |
_aІсторичні події _aДавньоруське літописання |
||
| 942 |
_2udc _cBK |
||
| 999 |
_c17361 _d17361 |
||